000 00495nam a2200157 i 4500
001 170501
003 ES-MaACL
005 20230906214405.0
008 090311s1919 fr |||| | fre d
080 _a821.133.1-1"18"
100 0 _aRostand, Edmond.
_999921
245 1 3 _aLe vol de la Marseillaise /
_cEdmond Rostand.
260 _aParis :
_bCharpentier et Fasquelle,
_c1919.
300 _a359 p. ;
_c21 cm.
852 4 _aES-MaACL
_jE-12504
_9R.140117
_z. - Biblioteca Jacinto Martínez Lacalle
999 _c170501
_d170501